[Event "First Saturday 2009 februar FM-B"]
[Site "Budapest"]
[Date "2009.02.07"]
[Round "1"]
[White "Szabo, Miklos"]
[Black "Szabo, Gabor"]
[Result "0-1"]
[WhiteElo "1458"]
[BlackElo "1870"]
[PlyCount "50"]
[EventDate "2009.02.07"]

1. c4 Nf6 2. Nc3 g6 3. g3 Bg7 4. Bg2 O-O 5. Nf3 d6 6. O-O Nbd7 7. d4 c5 8. h3
a6 9. a4 Qc7 10. Ng5 Rb8 11. Nd5 Nxd5 12. Bxd5 cxd4 13. b3 h6 14. Nf3 Nb6 15.
Kg2 Nxd5 16. cxd5 Bf5 17. Ng1 Bc2 18. Qd2 Bxb3 19. Qb4 Bxd5+ 20. Kh2 Qc3 21.
Rb1 Qxb4 22. Rxb4 Rfc8 23. Bb2 Rc4 24. Rxc4 Bxc4 25. Nf3 Bxe2 0-1

[Event "First Saturday 2009 februar FM-B"]
[Site "Budapest"]
[Date "2009.02.07"]
[Round "1"]
[White "Molnar, Marton"]
[Black "Mihajlova, Diana"]
[Result "1-0"]
[WhiteElo "1947"]
[BlackElo "1552"]
[PlyCount "59"]
[EventDate "2009.02.07"]

1. c4 e5 2. Nc3 f5 3. g3 Nc6 4. Bg2 Nf6 5. d3 Bc5 6. Nf3 d6 7. O-O O-O 8. a3 a5
9. Rb1 a4 10. Nxa4 Bd4 11. Nxd4 exd4 12. b4 b5 13. cxb5 Rxa4 14. Qxa4 Ne7 15.
Bb2 c5 16. bxc6 Qb6 17. b5 Ned5 18. Bxd4 Qd8 19. b6 Nxb6 20. Bxb6 Qe8 21. Qc2
Be6 22. a4 Qc8 23. a5 Bd5 24. Bxd5+ Nxd5 25. Qc4 Qe6 26. e4 Nc7 27. Bxc7 Qxc4
28. dxc4 fxe4 29. Bxd6 Rf6 30. c7 1-0

[Event "First Saturday 2009 februar FM-B"]
[Site "Budapest"]
[Date "2009.02.07"]
[Round "1"]
[White "Dobos, Otto"]
[Black "Kantor, Gergely"]
[Result "1/2-1/2"]
[WhiteElo "1724"]
[BlackElo "1680"]
[PlyCount "52"]
[EventDate "2009.02.07"]

1. d4 Nf6 2. Nf3 d5 3. c3 c5 4. dxc5 e6 5. b4 a5 6. a3 b6 7. cxb6 axb4 8. cxb4
Bxb4+ 9. Bd2 Bxd2+ 10. Nfxd2 Qxb6 11. Qb3 Qxb3 12. Nxb3 Nc6 13. e3 Ke7 14. Be2
Rb8 15. N1d2 Kd6 16. O-O e5 17. Rfd1 Bf5 18. Rdc1 Rhc8 19. f3 Ne7 20. Rxc8 Rxc8
21. Rc1 Ra8 22. Ra1 Nc6 23. Kf2 Na5 24. Nxa5 Rxa5 25. Nb3 Ra7 26. Bd1 Nd7
1/2-1/2

[Event "First Saturday 2009 februar FM-B"]
[Site "Budapest"]
[Date "2009.02.07"]
[Round "1"]
[White "Mendege, Andras"]
[Black "Czimer, Jozsef"]
[Result "1-0"]
[WhiteElo "1795"]
[BlackElo "1844"]
[PlyCount "219"]
[EventDate "2009.02.07"]

1. e4 c5 2. Nf3 d6 3. d4 cxd4 4. Nxd4 Nf6 5. Nc3 a6 6. Bg5 e6 7. f4 Qc7 8. Qf3
Nc6 9. O-O-O Be7 10. g4 Bd7 11. Bg2 Nxd4 12. Rxd4 e5 13. fxe5 dxe5 14. Rxd7
Qxd7 15. Bxf6 Bxf6 16. Nd5 Bg5+ 17. Kb1 Bd8 18. h4 h6 19. h5 b5 20. Rd1 Qb7 21.
Qf5 Qb8 22. Bf1 O-O 23. Bd3 a5 24. Rg1 Bg5 25. Rd1 Ra7 26. a3 Rb7 27. b3 Qd6
28. Ka2 Be7 29. Nxe7+ Qxe7 30. Rg1 Qg5 31. Qf1 Rfb8 32. Qe1 b4 33. a4 Rc7 34.
Qf2 Rbc8 35. Kb2 Rc3 36. Qe2 R8c6 37. Rf1 Rf6 38. Rf5 Rxf5 39. gxf5 Qf4 40. Ka2
Qc1 41. Qg2 Rxd3 42. cxd3 Qa3+ 43. Kb1 Qxb3+ 44. Kc1 f6 45. Qc2 Qa3+ 46. Kd2 b3
47. Qc8+ Kh7 48. Qe8 Qa2+ 49. Ke3 b2 50. Qg6+ Kh8 51. Qe8+ Qg8 52. Qb5 Qf7 53.
Qxb2 Qxh5 54. Qc3 Qh3+ 55. Ke2 Qg2+ 56. Ke3 Qg1+ 57. Ke2 Qb6 58. Qc8+ Kh7 59.
Qe8 Qb2+ 60. Kf3 Qb3 61. Qg6+ Kh8 62. Qe8+ Qg8 63. Qb5 Qd8 64. Kg4 Kg8 65. Kf3
Kf8 66. Qc5+ Ke8 67. Ke2 Kd7 68. Qd5+ Kc7 69. Qxa5+ Kd7 70. Qb5+ Kc8 71. Kf3
Qc7 72. Kg4 Qb7 73. Qe8+ Kc7 74. Kh5 Kb6 75. Qb5+ Ka7 76. Qc4 Qd7 77. Kg6 Kb8
78. Qg8+ Ka7 79. Qxg7 Qxg7+ 80. Kxg7 h5 81. Kxf6 h4 82. Kxe5 h3 83. f6 h2 84.
f7 h1=Q 85. f8=Q Qa1+ 86. d4 Qxa4 87. Qc5+ Kb7 88. Qe7+ Kc8 89. d5 Qa1+ 90. Ke6
Qd4 91. Qd7+ Kb8 92. Qh7 Qb6+ 93. d6 Qb3+ 94. Kf6 Qf3+ 95. Qf5 Qc3+ 96. e5 Qd4
97. Qg5 Ka8 98. Ke7 Qc5 99. Qg2+ Kb8 100. e6 Qb4 101. Qc6 Qh4+ 102. Kd7 Qg4
103. Qc8+ Ka7 104. Kc7 Qc4+ 105. Kd8 Qh4+ 106. e7 Qf6 107. Qc7+ Ka8 108. Qa5+
Kb8 109. Qb4+ Ka8 110. Kc7 1-0

[Event "First Saturday 2009 februar FM-B"]
[Site "Budapest"]
[Date "2009.02.08"]
[Round "2"]
[White "Kantor, Gergely"]
[Black "Mendege, Andras"]
[Result "1/2-1/2"]
[WhiteElo "1680"]
[BlackElo "1795"]
[PlyCount "113"]
[EventDate "2009.02.07"]

1. e4 e6 2. d4 d5 3. Nc3 dxe4 4. Nxe4 Bd7 5. Nf3 Bc6 6. Bd3 Nd7 7. O-O Ngf6 8.
Re1 Be7 9. a3 O-O 10. c4 Bxe4 11. Bxe4 c6 12. Bc2 Re8 13. Be3 Qc7 14. h3 c5 15.
Qe2 Rac8 16. Rac1 Bd6 17. dxc5 Bxc5 18. b4 Bxe3 19. Qxe3 b6 20. Bb3 Red8 21.
Nd4 a6 22. b5 a5 23. Nc6 Re8 24. Rcd1 Nb8 25. Ne5 Rcd8 26. Rc1 Nfd7 27. Nd3 Nc5
28. Nxc5 bxc5 29. Rcd1 Nd7 30. Bc2 Nb6 31. Qc3 a4 32. Be4 Rxd1 33. Rxd1 Rd8 34.
Rxd8+ Qxd8 35. Qd3 Qxd3 36. Bxd3 h6 37. f3 g5 38. Kf2 f5 39. Ke3 Kg7 40. f4 Kf6
41. g3 e5 42. fxe5+ Kxe5 43. h4 f4+ 44. gxf4+ gxf4+ 45. Kf3 Kd4 46. Be2 Kc3 47.
Kxf4 Kb3 48. Kf5 Kxa3 49. Bd1 Kb4 50. Bxa4 Kxa4 51. Kg6 Nxc4 52. Kxh6 Nb6 53.
Kg7 c4 54. h5 c3 55. h6 c2 56. h7 c1=Q 57. h8=Q 1/2-1/2

[Event "First Saturday 2009 februar FM-B"]
[Site "Budapest"]
[Date "2009.02.08"]
[Round "2"]
[White "Szabo, Gabor"]
[Black "Molnar, Marton"]
[Result "0-1"]
[WhiteElo "1870"]
[BlackElo "1947"]
[PlyCount "82"]
[EventDate "2009.02.07"]

1. e4 c5 2. Nf3 d6 3. d4 cxd4 4. Qxd4 a6 5. c4 Nd7 6. Nc3 e6 7. Be2 Qc7 8. O-O
Ngf6 9. b3 Be7 10. Ba3 O-O 11. Rfd1 Nc5 12. b4 e5 13. Qe3 Ne6 14. g3 Qb8 15. b5
axb5 16. Nxb5 Ng4 17. Qc3 Rd8 18. h3 Nf6 19. Nxe5 Nxe4 20. Qc2 N6g5 21. Ng4
Nxh3+ 22. Kg2 Bxg4 23. Qxe4 Be6 24. f4 Rxa3 25. Nxa3 Qa7 26. Rf1 Qxa3 27. f5
Ng5 28. Qxb7 Bd7 29. Qb3 Bc6+ 30. Kh2 Qc5 31. Rae1 Bf6 32. a4 Be5 33. Bf3 Bxf3
34. Rxf3 Nxf3+ 35. Qxf3 Qxc4 36. Re4 Qc2+ 37. Kh3 h6 38. Rg4 Qc3 39. Qf1 Bf6
40. Qf4 Qe1 41. Qe4 Re8 0-1

[Event "First Saturday 2009 februar FM-B"]
[Site "Budapest"]
[Date "2009.02.08"]
[Round "2"]
[White "Egri, Laszlo jr"]
[Black "Szabo, Miklos"]
[Result "1-0"]
[WhiteElo "1842"]
[BlackElo "1458"]
[PlyCount "49"]
[EventDate "2009.02.07"]

1. d4 d5 2. c4 c6 3. Nf3 Nf6 4. g3 e6 5. Bg2 Nbd7 6. O-O Bd6 7. Nc3 O-O 8. b3
e5 9. dxe5 Nxe5 10. cxd5 Bb4 11. Bb2 Bxc3 12. Bxc3 Nxf3+ 13. Bxf3 Bh3 14. Bxf6
Qxf6 15. Re1 Rfd8 16. e4 cxd5 17. exd5 Rac8 18. Re3 Qd6 19. Qd4 Rc2 20. Rae1
Bd7 21. Be4 Rc5 22. Bxh7+ Kxh7 23. Qh4+ Qh6 24. Qxd8 Rxd5 25. Qe7 1-0

[Event "First Saturday 2009 februar FM-B"]
[Site "Budapest"]
[Date "2009.02.09"]
[Round "3"]
[White "Molnar, Marton"]
[Black "Egri, Laszlo jr"]
[Result "1-0"]
[WhiteElo "1947"]
[BlackElo "1842"]
[PlyCount "65"]
[EventDate "2009.02.07"]

1. c4 e5 2. Nc3 d6 3. g3 g6 4. Bg2 Bg7 5. Nf3 Ne7 6. O-O O-O 7. Rb1 c6 8. b4 d5
9. cxd5 Nxd5 10. Qc2 Qe7 11. b5 Nxc3 12. dxc3 h6 13. a4 Bf5 14. e4 Be6 15. c4
cxb5 16. cxb5 Rc8 17. Qb2 Nd7 18. Bd2 Rc4 19. Bb4 Qe8 20. Nd2 Rd4 21. Rfc1 Bf8
22. Bxf8 Qxf8 23. a5 Qd6 24. Nf3 Rd3 25. Qc2 Kg7 26. Qc7 Rb8 27. b6 axb6 28.
axb6 Ba2 29. Ra1 Be6 30. Bf1 Rd4 31. Nxd4 Qxd4 32. Rd1 Qxb6 33. Rxd7 1-0

[Event "First Saturday 2009 februar FM-B"]
[Site "Budapest"]
[Date "2009.02.09"]
[Round "3"]
[White "Dobos, Otto"]
[Black "Szabo, Gabor"]
[Result "0-1"]
[WhiteElo "1724"]
[BlackElo "1870"]
[PlyCount "60"]
[EventDate "2009.02.07"]

1. d4 Nf6 2. c3 e6 3. Nf3 c5 4. e3 Nc6 5. Nbd2 d5 6. Bd3 Bd6 7. O-O O-O 8. Re1
cxd4 9. exd4 Qc7 10. h3 Bd7 11. Nf1 h6 12. Bb1 Rae8 13. Qd2 Nb8 14. Ne5 Bc6 15.
Nxc6 Qxc6 16. a4 Ne4 17. Qe3 f5 18. Nd2 Nd7 19. Nf1 Ndf6 20. Bd3 a6 21. f3 Ng3
22. Qf2 Qc7 23. Qc2 Nfh5 24. Nxg3 Bxg3 25. Rd1 Rf6 26. Bd2 Rg6 27. Kf1 Bh4 28.
Be3 Qh2 29. Bg1 Ng3+ 30. Kf2 Ne2+ 0-1

[Event "First Saturday 2009 februar FM-B"]
[Site "Budapest"]
[Date "2009.02.09"]
[Round "3"]
[White "Mendege, Andras"]
[Black "Mihajlova, Diana"]
[Result "1/2-1/2"]
[WhiteElo "1795"]
[BlackElo "1552"]
[PlyCount "116"]
[EventDate "2009.02.07"]

1. e4 Nf6 2. e5 Nd5 3. d4 d6 4. Nf3 dxe5 5. Nxe5 c6 6. c3 Nd7 7. Nf3 N7f6 8. h3
e6 9. Bd3 g6 10. Bg5 Bg7 11. O-O O-O 12. Ne5 Qc7 13. Qd2 b5 14. Bh6 Nd7 15.
Bxg7 Kxg7 16. Nf3 Nf4 17. Bc2 Bb7 18. b4 c5 19. Bd1 Rad8 20. Qe3 cxd4 21. cxd4
Nd5 22. Qd2 N7f6 23. Re1 Rc8 24. Qb2 Nc3 25. Nxc3 Qxc3 26. Qxc3 Rxc3 27. a4 a6
28. Be2 Bxf3 29. Bxf3 Rc4 30. Be2 Rxb4 31. Rab1 Rxb1 32. Rxb1 Nd5 33. axb5 axb5
34. Rxb5 Nc3 35. Rb2 Rd8 36. Rc2 Nxe2+ 37. Rxe2 Rxd4 38. g3 h5 39. h4 Kf6 40.
Kg2 Kf5 41. Ra2 f6 42. Re2 e5 43. f3 g5 44. hxg5 fxg5 45. Ra2 Rd5 46. Re2 Rd4
47. Ra2 g4 48. Re2 gxf3+ 49. Kxf3 Rd3+ 50. Kf2 e4 51. Kg2 Rf3 52. Re1 Ke5 53.
Rd1 Rd3 54. Rh1 Rd2+ 55. Kh3 e3 56. Kh4 Rg2 57. Kxh5 Ke4 58. Kg4 Ra2 1/2-1/2

[Event "First Saturday 2009 februar FM-B"]
[Site "Budapest"]
[Date "2009.02.09"]
[Round "3"]
[White "Czimer, Jozsef"]
[Black "Kantor, Gergely"]
[Result "1-0"]
[WhiteElo "1844"]
[BlackElo "1680"]
[PlyCount "66"]
[EventDate "2009.02.07"]

1. d4 Nf6 2. c4 e6 3. Nc3 Bb4 4. Qc2 O-O 5. Nf3 c5 6. e3 b6 7. Bd3 h6 8. O-O
Bxc3 9. bxc3 Bb7 10. e4 Qc7 11. Qe2 d6 12. e5 dxe5 13. Nxe5 Nbd7 14. Bf4 Nxe5
15. Bxe5 Qe7 16. dxc5 bxc5 17. Rab1 Bc6 18. Rb3 Nd7 19. Bg3 e5 20. f3 Rfe8 21.
Re1 g6 22. Qe3 Kg7 23. Be4 Qd6 24. Rb2 Bxe4 25. fxe4 Rab8 26. Rd2 Qc7 27. Rd5
Nb6 28. Qe2 Nxd5 29. cxd5 Qd6 30. c4 Rec8 31. Bf2 Rb4 32. Be3 Rb6 33. h3 Ra6
1-0

[Event "First Saturday 2009 februar FM-B"]
[Site "Budapest"]
[Date "2009.02.10"]
[Round "4"]
[White "Mihajlova, Diana"]
[Black "Czimer, Jozsef"]
[Result "0-1"]
[WhiteElo "1552"]
[BlackElo "1844"]
[PlyCount "56"]
[EventDate "2009.02.07"]

1. c4 g6 2. Nc3 Bg7 3. Nf3 c5 4. d4 cxd4 5. Nxd4 Nc6 6. Nxc6 bxc6 7. Qb3 Nf6 8.
g3 O-O 9. Bg2 Qc7 10. Nb5 Qb8 11. Qf3 Ba6 12. Bf4 e5 13. Bg5 Qd8 14. Nd6 Qa5+
15. Bd2 Qc5 16. Qd3 e4 17. Bxe4 Nxe4 18. Nxe4 Qxc4 19. Qf3 f5 20. Nd6 Qe6 21.
Qb3 Rfb8 22. Qxe6+ dxe6 23. Rc1 Rxb2 24. Rxc6 Rxa2 25. f3 Rd8 26. O-O Rxd2 27.
Rxa6 R8xd6 28. Rxa7 Bd4+ 0-1

[Event "First Saturday 2009 februar FM-B"]
[Site "Budapest"]
[Date "2009.02.10"]
[Round "4"]
[White "Szabo, Gabor"]
[Black "Mendege, Andras"]
[Result "1/2-1/2"]
[WhiteElo "1870"]
[BlackElo "1795"]
[PlyCount "81"]
[EventDate "2009.02.07"]

1. e4 e6 2. d4 d5 3. Nd2 dxe4 4. Nxe4 Bd7 5. Nf3 Bc6 6. Bd3 Nd7 7. O-O Ngf6 8.
Ned2 Be7 9. b3 O-O 10. Bb2 b6 11. c4 Bb7 12. Qc2 a5 13. Rfe1 Re8 14. Ng5 h6 15.
Ngf3 Bb4 16. a3 Bf8 17. Ne5 Nxe5 18. dxe5 Nd7 19. Ne4 Bxe4 20. Bxe4 Rb8 21.
Rad1 Qe7 22. Bc6 Red8 23. Qe4 g6 24. Qf3 Bg7 25. Bxd7 Rxd7 26. Rxd7 Qxd7 27.
Rd1 Qe7 28. Qd3 Kf8 29. b4 axb4 30. axb4 Ke8 31. f4 Rd8 32. Qxd8+ Qxd8 33.
Rxd8+ Kxd8 34. Kf2 Bf8 35. Bc3 c6 36. Kf3 Be7 37. Bd2 Kd7 38. Kg4 h5+ 39. Kf3
b5 40. c5 Ke8 41. Kg3 1/2-1/2

[Event "First Saturday 2009 februar FM-B"]
[Site "Budapest"]
[Date "2009.02.10"]
[Round "4"]
[White "Egri, Laszlo jr"]
[Black "Dobos, Otto"]
[Result "1/2-1/2"]
[WhiteElo "1842"]
[BlackElo "1724"]
[PlyCount "144"]
[EventDate "2009.02.07"]

1. e4 e5 2. Nf3 d6 3. d4 exd4 4. Nxd4 Nf6 5. Nc3 Be7 6. f3 O-O 7. Be3 a6 8. Qd2
b5 9. O-O-O c5 10. Nb3 Be6 11. Bf4 b4 12. Nb1 c4 13. Nd4 c3 14. bxc3 bxc3 15.
Nxc3 Qa5 16. Nxe6 Qa3+ 17. Kb1 Qb4+ 18. Ka1 fxe6 19. Rb1 Qc5 20. Be3 Qc7 21.
Na4 Nbd7 22. Bd3 Kh8 23. Qc3 Nc5 24. Qc4 d5 25. exd5 exd5 26. Qc3 Nfd7 27. Bd4
Rg8 28. Bf5 Qf4 29. Bxd7 Nxd7 30. Qe3 Qxe3 31. Bxe3 Bf6+ 32. c3 Rac8 33. Rbd1
Bxc3+ 34. Nxc3 Rxc3 35. Rxd5 Rxe3 36. Rxd7 h6 37. Rhd1 Re2 38. R1d2 Re1+ 39.
Kb2 Rb8+ 40. Kc3 Ree8 41. Ra7 Rec8+ 42. Kd3 Rd8+ 43. Ke3 Rxd2 44. Kxd2 Rb2+ 45.
Ke3 Rxa2 46. g4 Kh7 47. h4 a5 48. h5 a4 49. Kf4 a3 50. Kf5 Ra1 51. f4 a2 52.
Ra6 Rb1 53. Rxa2 Rb5+ 54. Ke6 Rb6+ 55. Kd7 g6 56. hxg6+ Kxg6 57. Re2 Rb7+ 58.
Kc6 Rf7 59. Re6+ Kh7 60. Re4 Rg7 61. f5 h5 62. gxh5 Kh6 63. Kd6 Kxh5 64. f6 Ra7
65. Re7 Ra6+ 66. Ke5 Kh6 67. Re6 Ra5+ 68. Kd6 Kg6 69. Ke7 Ra7+ 70. Ke8 Ra8+ 71.
Kd7 Rf8 72. Ke7 Rf7+ 1/2-1/2

[Event "First Saturday 2009 februar FM-B"]
[Site "Budapest"]
[Date "2009.02.10"]
[Round "4"]
[White "Szabo, Miklos"]
[Black "Molnar, Marton"]
[Result "0-1"]
[WhiteElo "1458"]
[BlackElo "1947"]
[PlyCount "64"]
[EventDate "2009.02.07"]

1. d4 Nf6 2. c4 e6 3. Nf3 c5 4. Nc3 g6 5. Bg5 Bg7 6. e4 h6 7. Bxf6 Bxf6 8. e5
cxd4 9. Qxd4 Nc6 10. Qd2 Nxe5 11. Nxe5 Bxe5 12. f4 Bg7 13. Qd6 Qa5 14. Rc1 g5
15. Be2 gxf4 16. Qxf4 Qg5 17. O-O Qxf4 18. Rxf4 Ke7 19. Rc2 f5 20. g4 Be5 21.
Nd5+ exd5 22. Rxf5 d6 23. cxd5 Bxf5 24. gxf5 Rac8 25. Rd2 Rhg8+ 26. Kf2 Bxh2
27. Bh5 Be5 28. Bg6 Kf6 29. Kf3 Rc1 30. Ke4 Rgc8 31. Bh5 R8c4+ 32. Ke3 Bf4+ 0-1

[Event "First Saturday 2009 februar FM-B"]
[Site "Budapest"]
[Date "2009.02.11"]
[Round "5"]
[White "Dobos, Otto"]
[Black "Szabo, Miklos"]
[Result "1/2-1/2"]
[WhiteElo "1724"]
[BlackElo "1458"]
[PlyCount "43"]
[EventDate "2009.02.07"]

1. d4 Nf6 2. c3 d6 3. Nf3 g6 4. h3 Bg7 5. Nbd2 Nbd7 6. e4 e5 7. Bc4 O-O 8. O-O
Re8 9. Qb3 Rf8 10. Rd1 Nb6 11. dxe5 Nxc4 12. Qxc4 dxe5 13. Qe2 Re8 14. Nc4 Nd7
15. Bg5 Bf6 16. Bxf6 Qxf6 17. Rd5 b5 18. Na3 a6 19. Rad1 Nb6 20. R5d2 Bb7 21.
Nh2 h5 22. f3 1/2-1/2

[Event "First Saturday 2009 februar FM-B"]
[Site "Budapest"]
[Date "2009.02.11"]
[Round "5"]
[White "Mendege, Andras"]
[Black "Egri, Laszlo jr"]
[Result "1-0"]
[WhiteElo "1795"]
[BlackElo "1842"]
[PlyCount "125"]
[EventDate "2009.02.07"]

1. e4 c5 2. Nf3 d6 3. d4 cxd4 4. Nxd4 Nf6 5. Nc3 g6 6. Be3 Bg7 7. f3 O-O 8. Bc4
Nc6 9. Qd2 Bd7 10. O-O-O Qa5 11. Bb3 Ne5 12. Nd5 Qxd2+ 13. Rxd2 Nxd5 14. Bxd5
Rab8 15. Kb1 a5 16. a3 Rfc8 17. Ne2 Bc6 18. Bb3 b5 19. Bd4 Nc4 20. Bxc4 bxc4
21. Bxg7 Kxg7 22. c3 Rc7 23. Nd4 h5 24. Nc2 Rcb7 25. Ne3 Bb5 26. Rf1 Ba6 27.
Rff2 Rc8 28. Rd5 Rb5 29. Rfd2 Rcc5 30. Rxc5 Rxc5 31. Rd5 Rxd5 32. Nxd5 e6 33.
Ne3 f5 34. exf5 gxf5 35. f4 h4 36. Kc1 Kg6 37. Kd2 e5 38. g3 hxg3 39. hxg3 Kf6
40. Kc2 a4 41. Kd2 Ke6 42. Nc2 Bb7 43. Ne3 d5 44. Ke2 Bc6 45. Nc2 Be8 46. Ke3
Bh5 47. fxe5 Kxe5 48. Nd4 Be8 49. Nf3+ Ke6 50. Kf4 Kf6 51. Nd4 Bd7 52. Nc2 Bc6
53. Ne3 Bb7 54. Nxf5 Bc8 55. Ne3 Be6 56. g4 Bg8 57. g5+ Kg6 58. Ke5 Kxg5 59.
Nxd5 Bf7 60. Nb6 Be8 61. Kd6 Kf6 62. Kc5 Ke5 63. Kb4 1-0

[Event "First Saturday 2009 februar FM-B"]
[Site "Budapest"]
[Date "2009.02.11"]
[Round "5"]
[White "Czimer, Jozsef"]
[Black "Szabo, Gabor"]
[Result "1/2-1/2"]
[WhiteElo "1844"]
[BlackElo "1870"]
[PlyCount "94"]
[EventDate "2009.02.07"]

1. Nf3 Nf6 2. c4 e6 3. Nc3 d5 4. e3 c6 5. d4 Bd6 6. h3 Nbd7 7. Qc2 Qc7 8. cxd5
exd5 9. Bd3 O-O 10. O-O Re8 11. Bd2 Nf8 12. e4 dxe4 13. Nxe4 Nxe4 14. Bxe4 Be6
15. Ng5 h6 16. Nxe6 Nxe6 17. Be3 Rad8 18. Rfd1 Bf4 19. Bh7+ Kh8 20. Bf5 g6 21.
Bg4 h5 22. Bxe6 Rxe6 23. d5 cxd5 24. Bd4+ Kh7 25. Qd3 a6 26. b3 Be5 27. Rac1
Qe7 28. Rc2 Bxd4 29. Qxd4 Re1+ 30. Rxe1 Qxe1+ 31. Kh2 Qe6 32. g3 Rd7 33. Rc8 f6
34. Qc5 Qf7 35. Rf8 Qg7 36. Qc8 f5 37. Rh8+ Qxh8 38. Qxd7+ Qg7 39. Qxd5 Qc7 40.
h4 f4 41. Qf3 fxg3+ 42. fxg3 Kg7 43. Qe4 Kf7 44. Kg2 Qd7 45. Qc4+ Qe6 46. Qc7+
Qe7 47. Qf4+ Kg7 1/2-1/2

[Event "First Saturday 2009 februar FM-B"]
[Site "Budapest"]
[Date "2009.02.11"]
[Round "5"]
[White "Kantor, Gergely"]
[Black "Mihajlova, Diana"]
[Result "1-0"]
[WhiteElo "1680"]
[BlackElo "1552"]
[PlyCount "87"]
[EventDate "2009.02.07"]

1. e4 Nf6 2. e5 Nd5 3. d4 d6 4. c4 Nb6 5. exd6 exd6 6. Nc3 Be6 7. b3 Qe7 8. Be3
N8d7 9. a3 g6 10. Be2 Bg7 11. Nf3 c5 12. O-O cxd4 13. Bxd4 Nf6 14. Re1 O-O 15.
h3 Qd7 16. Kh2 Nc8 17. Rc1 Ne7 18. Bd3 Nc6 19. Be3 d5 20. Qe2 d4 21. Bd2 dxc3
22. Bxc3 Rae8 23. Qc2 Qd6+ 24. g3 Qxa3 25. Ra1 Qc5 26. Ra4 Qh5 27. Ng1 Ng4+ 28.
Kg2 Bxc3 29. hxg4 Qxg4 30. Qxc3 f5 31. f4 b5 32. Be2 Bd5+ 33. cxd5 Rxe2+ 34.
Rxe2 bxa4 35. dxc6 a3 36. Qc4+ Kg7 37. Re7+ Kh6 38. Qd4 Rg8 39. c7 a2 40. c8=Q
Qd1 41. Qxd1 Rxc8 42. Re2 Rd8 43. Qa1 g5 44. Qf6+ 1-0

[Event "First Saturday 2009 februar FM-B"]
[Site "Budapest"]
[Date "2009.02.12"]
[Round "6"]
[White "Szabo, Gabor"]
[Black "Kantor, Gergely"]
[Result "1-0"]
[WhiteElo "1870"]
[BlackElo "1680"]
[PlyCount "83"]
[EventDate "2009.02.07"]

1. e4 c5 2. Nf3 d6 3. d4 cxd4 4. Qxd4 a6 5. Be3 Nc6 6. Qd2 g6 7. c4 Bg7 8. Nc3
Nf6 9. Be2 O-O 10. O-O Bd7 11. Rfd1 Qc7 12. Rac1 Rfe8 13. Nd5 Qb8 14. Nb6 Be6
15. Bd3 Nd7 16. Nxa8 Qxa8 17. b4 Rc8 18. Ng5 Nde5 19. Nxe6 fxe6 20. Be2 Rf8 21.
f4 Nf7 22. Bg4 e5 23. fxe5 Nfxe5 24. Be6+ Kh8 25. Bh6 Nd8 26. Bxg7+ Kxg7 27.
Bd5 Ng4 28. Qd4+ e5 29. Qb6 Qb8 30. b5 a5 31. Rf1 Rxf1+ 32. Rxf1 Nf6 33. Qf2
Nd7 34. Be6 Nxe6 35. Qf7+ Kh8 36. Qxe6 Qd8 37. Qxd6 Qb6+ 38. Qxb6 Nxb6 39. c5
Nd7 40. c6 bxc6 41. bxc6 Nb6 42. Rb1 1-0

[Event "First Saturday 2009 februar FM-B"]
[Site "Budapest"]
[Date "2009.02.12"]
[Round "6"]
[White "Egri, Laszlo jr"]
[Black "Czimer, Jozsef"]
[Result "1-0"]
[WhiteElo "1842"]
[BlackElo "1844"]
[PlyCount "117"]
[EventDate "2009.02.07"]

1. e4 d6 2. d4 g6 3. Nc3 Bg7 4. Be3 Nf6 5. f3 O-O 6. Qd2 e5 7. d5 h5 8. O-O-O
a6 9. Kb1 b5 10. Nce2 Nbd7 11. Nc1 Nb6 12. h3 Nc4 13. Bxc4 bxc4 14. Qb4 a5 15.
Qxc4 a4 16. g4 Bd7 17. Bg5 Qb8 18. Bxf6 Bxf6 19. gxh5 Bb5 20. Qc3 gxh5 21. f4
h4 22. Rh2 Re8 23. Rg2+ Kf8 24. f5 Ke7 25. Nf3 Rh8 26. Qe3 c5 27. dxc6 Bxc6 28.
Rgd2 Rd8 29. c4 Qb7 30. Re2 Qb4 31. Rc2 Qc5 32. Qe1 Rh8 33. Nd3 Qb6 34. c5 dxc5
35. Rxc5 Qb7 36. Rdc1 Rac8 37. Nfxe5 Bxe4 38. Nc6+ Kf8 39. Qxe4 Re8 40. Qxa4
Re3 41. Qb4 Qxb4 42. Ncxb4 Rxh3 43. Nf4 Rg3 44. Nbd5 Kg7 45. Nxf6 Kxf6 46. Rh1
h3 47. Rc3 Rxc3 48. bxc3 h2 49. Nd5+ Kxf5 50. Ne3+ Kf4 51. Nf1 f5 52. Rxh2 Rxh2
53. Nxh2 Ke3 54. Nf1+ Kd3 55. Kb2 f4 56. a4 Ke2 57. a5 Kxf1 58. a6 f3 59. a7
1-0

[Event "First Saturday 2009 februar FM-B"]
[Site "Budapest"]
[Date "2009.02.12"]
[Round "6"]
[White "Szabo, Miklos"]
[Black "Mendege, Andras"]
[Result "0-1"]
[WhiteElo "1458"]
[BlackElo "1795"]
[PlyCount "88"]
[EventDate "2009.02.07"]

1. d4 Nf6 2. c4 g6 3. Nf3 Bg7 4. Nc3 d5 5. cxd5 Nxd5 6. e4 Nxc3 7. bxc3 O-O 8.
Be2 c5 9. O-O cxd4 10. cxd4 Nc6 11. Be3 Bg4 12. Rc1 Bxf3 13. Bxf3 Nxd4 14. Bg4
e6 15. Qd2 Nc6 16. Qe2 h5 17. Bh3 Qa5 18. Rc5 Qc7 19. Rd1 Rfd8 20. Rxd8+ Rxd8
21. g3 Bd4 22. Rc1 Bxe3 23. Qxe3 Qd7 24. Qc5 Qd4 25. Bg2 Qxc5 26. Rxc5 e5 27.
f4 f6 28. Bh3 Kf7 29. Bf1 Rd1 30. Rd5 Rxd5 31. Bc4 Ke7 32. Bxd5 Nb4 33. Bxb7
Nxa2 34. Kf2 Nb4 35. fxe5 fxe5 36. Bc8 Kf6 37. h3 g5 38. Kf3 a5 39. Bd7 Nd3 40.
Ba4 Nc5 41. Bc2 a4 42. Bb1 a3 43. Ke2 Nxe4 44. g4 Nc3+ 0-1

[Event "First Saturday 2009 februar FM-B"]
[Site "Budapest"]
[Date "2009.02.12"]
[Round "6"]
[White "Molnar, Marton"]
[Black "Dobos, Otto"]
[Result "1-0"]
[WhiteElo "1947"]
[BlackElo "1724"]
[PlyCount "66"]
[EventDate "2009.02.07"]

1. c4 c5 2. Nf3 Nf6 3. g3 g6 4. Bg2 Bg7 5. Nc3 O-O 6. O-O Nc6 7. d3 d6 8. Rb1
Rb8 9. a3 Bd7 10. Bd2 b6 11. b4 Qc8 12. Re1 Ne5 13. Nxe5 dxe5 14. b5 h6 15. a4
Kh7 16. Qc1 a5 17. bxa6 Qxa6 18. Qb2 Ng8 19. a5 bxa5 20. Qxb8 Rxb8 21. Rxb8 a4
22. Ra8 Qd6 23. Ne4 Qb6 24. Be3 Qb3 25. Nxc5 Qb4 26. Rc1 Nf6 27. Nxd7 Nxd7 28.
c5 Qb2 29. c6 Nb6 30. c7 f5 31. Bxb6 Qxc1+ 32. Bf1 g5 33. c8=Q Qb2 1-0

[Event "First Saturday 2009 februar FM-B"]
[Site "Budapest"]
[Date "2009.02.13"]
[Round "7"]
[White "Mendege, Andras"]
[Black "Molnar, Marton"]
[Result "1/2-1/2"]
[WhiteElo "1795"]
[BlackElo "1947"]
[PlyCount "22"]
[EventDate "2009.02.07"]

1. e4 c5 2. Nf3 d6 3. d4 cxd4 4. Nxd4 Nf6 5. Nc3 a6 6. Bg5 Nbd7 7. f3 g6 8. Qd2
h6 9. Be3 Qc7 10. O-O-O b5 11. Bd3 Bb7 1/2-1/2

[Event "First Saturday 2009 februar FM-B"]
[Site "Budapest"]
[Date "2009.02.13"]
[Round "7"]
[White "Czimer, Jozsef"]
[Black "Szabo, Miklos"]
[Result "1/2-1/2"]
[WhiteElo "1844"]
[BlackElo "1458"]
[PlyCount "179"]
[EventDate "2009.02.07"]

1. Nf3 Nf6 2. c4 c5 3. Nc3 g6 4. e3 Bg7 5. d4 b6 6. Be2 Bb7 7. O-O O-O 8. Qd3
Nc6 9. d5 Nb4 10. Qb1 d6 11. a3 Na6 12. Ra2 Nc7 13. b3 Nd7 14. Bb2 e5 15. Ne4
Ne8 16. Qa1 Qe7 17. Nfd2 f5 18. Nc3 a6 19. a4 Nc7 20. e4 f4 21. Qd1 Bc8 22. Bg4
Nf6 23. Bxc8 Raxc8 24. Qe2 h5 25. f3 Kf7 26. Kf2 Nh7 27. Rh1 Bf6 28. Qf1 Rg8
29. Ke2 g5 30. Kd3 Qd7 31. Bc1 g4 32. h3 gxf3 33. Nxf3 Ng5 34. Rf2 b5 35. Nxg5+
Rxg5 36. axb5 axb5 37. Ra2 Rg3+ 38. Kc2 Ra8 39. Rxa8 Nxa8 40. Nxb5 Ke7 41. Bd2
Nc7 42. Nxc7 Qxc7 43. Qe2 Qa7 44. Rb1 Qa2+ 45. Rb2 Qa1 46. Bc1 Bg5 47. Qf1 Qa5
48. Bd2 Qa3 49. Qe2 Qa1 50. Rb1 Qa3 51. Bc3 Qa2+ 52. Rb2 Qa1 53. Be1 Re3 54.
Qxh5 Rxe1 55. Qxg5+ Kd7 56. Qg7+ Kc8 57. Qf8+ Kd7 58. Qf7+ Kd8 59. Qf6+ Kc8 60.
Qe6+ Kc7 61. Qe7+ Kc8 62. Qe8+ Kc7 63. Qc6+ Kd8 64. Qxd6+ Ke8 65. Qxe5+ Kd8 66.
Qf6+ Kd7 67. Qe6+ Kc7 68. Qc6+ Kd8 69. Qb6+ Ke7 70. Qxc5+ Kf6 71. Qd6+ Kg5 72.
Qe5+ Kg6 73. Qf5+ Kg7 74. Qg5+ Kh7 75. Qh4+ Kg7 76. Qe7+ Kg8 77. Qg5+ Kh7 78.
Qh4+ Kg7 79. Qxe1 Qxe1 80. b4 Qxe4+ 81. Kb3 Qd3+ 82. Ka4 Qxc4 83. Ka3 Qxd5 84.
b5 Qc5+ 85. Ka2 Qb6 86. Kb1 Kf6 87. Ka2 Qa5+ 88. Kb1 Qe1+ 89. Ka2 Qa5+ 90. Kb1
1/2-1/2